000 00215nam a2200097Ia 4500
008 220204s9999 xx 000 0 und d
082 _a82-3
_bMCL
100 _aMclachlan, I
245 0 _aSeventh hexagram
942 _cBK
999 _c30976
_d30976